000 00460nam a22001697a 4500
005 20240110114719.0
008 220208b ||||| |||| 00| 0 eng d
020 _a81-239-1259-5
041 _aeng
082 _a615.1
100 _aSHARMA,NIRMAL ,SHARMA , YOGESHWAR AND SHARMA G.C
_98256
245 _aPRACTICAL PHARMACEUTICAL CHEMISTRY [II] AND VIVA VOCA
260 _aNEW DELHI
_bCBS
300 _a169;p
650 _aPHARMCY
_xB.PHARMA
_97468
942 _cBK
999 _c7864
_d7862